Delhi under emergency : (Record no. 123849)

MARC details
000 -LEADER
fixed length control field 00652nam a22002177a 4500
005 - DATE AND TIME OF LATEST TRANSACTION
control field 20170124105931.0
010 ## - LIBRARY OF CONGRESS CONTROL NUMBER
LC control number A-835000
020 ## - INTERNATIONAL STANDARD BOOK NUMBER
Terms of availability 00.00
037 ## - SOURCE OF ACQUISITION
Source of stock number/acquisition Cen Lib/Ret
040 ## - CATALOGING SOURCE
Original cataloging agency DPL
Language of cataloging EN
082 ## - DEWEY DECIMAL CLASSIFICATION NUMBER
Classification number 320.954
Item number DAY
100 ## - MAIN ENTRY--PERSONAL NAME
Personal name Dayal, John
9 (RLIN) 8259
245 ## - TITLE STATEMENT
Title Delhi under emergency :
Statement of responsibility, etc by John Dayal [and] Ajoy Bose
Remainder of title for reasons of state /
260 ## - PUBLICATION, DISTRIBUTION, ETC. (IMPRINT)
Place of publication, distribution, etc New Delhi
Name of publisher, distributor, etc Orient Paperbacks
Date of publication, distribution, etc 1977
270 ## - ADDRESS
Address 36 C, Connaught Place
City New Delhi
Postal code 110032
300 ## - PHYSICAL DESCRIPTION
Extent 217p.
Dimensions 17cm(Hb)
650 ## - SUBJECT ADDED ENTRY--TOPICAL TERM
Topical term or geographic name as entry element Political science
9 (RLIN) 8260
650 ## - SUBJECT ADDED ENTRY--TOPICAL TERM
Topical term or geographic name as entry element Delhi (India)
9 (RLIN) 8261
700 ## - ADDED ENTRY--PERSONAL NAME
Personal name Bose, Ajoy
9 (RLIN) 8262
942 ## - ADDED ENTRY ELEMENTS (KOHA)
Source of classification or shelving scheme Dewey Decimal Classification
Koha item type English Books
Classification part 320.954
Call number suffix DAY
Holdings
Withdrawn status Lost status Damaged status Not for loan Home library Current library Date acquired Source of acquisition Cost, normal purchase price Total Checkouts Total Renewals Full call number Barcode Date last seen Date checked out Copy number Cost, replacement price Price effective from Koha item type
        Central Library Central Library 12/06/2015 Cen Lib/Ret 0.00 1 2 320.954 DAY A-835000 17/02/2020 04/01/2020 1 0.00 12/06/2015 English Books

© Delhi Public Library
Hit Counter
free hit counter